Statistics for Top 10 Big 3 Players

Click here to take the quiz!

General Stats

  • This quiz has been taken 4 times
  • The average score is 4 of 10

Answer Stats

#PlayerTeam% Correct
1Rashard Lewis3 Headed Monsters
75%
5Ivan JohnsonGhost Ballers
50%
10Jerome WilliamsPower
50%
6Mahmoud Abdul-Rauf3 Headed Monsters
50%
4Mike BibbyGhost Ballers
50%
3Rashad McCantsTrilogy
50%
7Stephen JacksonKiller 3's
50%
2James WhiteTrilogy
25%
9Chauncey BillupsKiller 3's
0%
8DeShawn StevensonPower
0%

Score Distribution

Percentile by Number Answered

Percent of People with Each Score

Your Score History

You have not taken this quiz